000 00442nam a22001577a 4500
005 20251108163347.0
008 250721s1986 xx 000 0 ara d
082 1 4 _a135.3/محم
100 1 _aقطب، محمد علي
245 1 0 _aدليل الحيران في تفسير الأحلام /
264 1 _aالقاهرة :
_bمكتبة القرآن،
_c1986.
300 _a160ص
650 1 7 _aالأحلام
942 _2ddc
_cBK
999 _c704
_d704